| 000 | 00572nam a2200229Ia 4500 | ||
|---|---|---|---|
| 008 | 170711s9999 xx 000 0 und d | ||
| 020 | _a1858214440 | ||
| 050 | _a940.54 | ||
| 050 | _bM533 1997 | ||
| 100 | _aMemmott, Fred | ||
| 245 | _aHere, there and everywhere : | ||
| 245 | _ba British soldier's lot / | ||
| 245 | _cby Fred Memmott. | ||
| 260 | _aDurham : | ||
| 260 | _bPentland Press, | ||
| 260 | _c1997 | ||
| 300 | _a190 pages : | ||
| 300 | _billustrations ; | ||
| 300 | _c21cm. | ||
| 650 | _aMemmott, Frederick. | ||
| 650 | _aWorld War, 1939-1945 -- | ||
| 999 |
_c339824 _d339824 |
||